Starostovia obcí a poistné

Účasť starostov obcí na nemocenskom poistení a dôchodkovom zabezpečení. Právna úprava nemocenského poistenia niektorých pracovníkov. Povinnosti zamestnávateľa a zamestnanca. Vymeriavací základ na určenie poistného na nemocenské poistenie a dôchodkové zabezpečenie.

Na minha lista:
Detalhes bibliográficos
Formato: Capítulo de Livro
Idioma:eslovaco
Assuntos:
Tags: Adicionar Tag
Sem tags, seja o primeiro a adicionar uma tag!

MARC

LEADER 00000naa a2200000 4500
001 r035266
005 20230926081340.0
041 0 |a slo 
044 |a SK 
245 1 0 |a Starostovia obcí a poistné 
520 |a Účasť starostov obcí na nemocenskom poistení a dôchodkovom zabezpečení. Právna úprava nemocenského poistenia niektorých pracovníkov. Povinnosti zamestnávateľa a zamestnanca. Vymeriavací základ na určenie poistného na nemocenské poistenie a dôchodkové zabezpečenie. 
610 2 0 |a poistenie nemocenské 
610 2 0 |a zabezpečenie dôchodkové 
610 2 0 |a starostovia 
610 2 0 |a úpravy právne 
610 2 0 |a povinnosti zamestnávateľov 
610 2 0 |a povinnosti pracovníkov